[Event "European Youth Chess Championship G18"]
[Site "Prague, Top Hotel Prague"]
[Date "2012.08.18"]
[Round "2.1"]
[White "Galunova, Tsveta"]
[Black "Goryachkina, Aleksandra"]
[Result "0-1"]
[PlyCount "0"]
[BlackElo "2361"]
[WhiteElo "2091"]

1. e4 {[%clk 1:30:52]} e6 {[%clk 1:30:55]} 2. d4 {[%clk 1:30:59]} d5
{[%clk 1:31:19]} 3. exd5 {[%clk 1:31:17]} exd5 {[%clk 1:31:45]} 4. Nf3
{[%clk 1:31:38]} Bg4 {[%clk 1:32:09]} 5. c4 {[%clk 1:30:23]} Nf6 {[%clk 1:32:19]}
6. Nc3 {[%clk 1:28:43]} Nc6 {[%clk 1:32:29]} 7. cxd5 {[%clk 1:10:48]} Nxd5
{[%clk 1:30:58]} 8. Bc4 {[%clk 1:10:44]} Qe7+ {[%clk 1:26:15]} 9. Kf1
{[%clk 0:54:36]} Nxc3 {[%clk 1:07:39]} 10. bxc3 {[%clk 0:51:33]} O-O-O
{[%clk 1:06:09]} 11. h3 {[%clk 0:39:23]} Bh5 {[%clk 1:02:41]} 12. Qe2
{[%clk 0:35:09]} Qd7 {[%clk 0:57:54]} 13. g4 {[%clk 0:18:20]} Bg6
{[%clk 0:57:37]} 14. Bd3 {[%clk 0:18:00]} Bxd3 {[%clk 0:49:45]} 15. Qxd3
{[%clk 0:18:24]} h5 {[%clk 0:49:57]} 16. g5 {[%clk 0:17:46]} f6 {[%clk 0:49:47]}
17. Bf4 {[%clk 0:14:43]} Bd6 {[%clk 0:43:54]} 18. Bxd6 {[%clk 0:11:20]} Qxd6
{[%clk 0:43:55]} 19. Re1 {[%clk 0:10:28]} Kb8 {[%clk 0:39:30]} 20. Rg1
{[%clk 0:09:05]} Rhf8 {[%clk 0:33:03]} 21. Qg6 {[%clk 0:05:51]} Qd5
{[%clk 0:28:26]} 22. Re3 {[%clk 0:04:35]} Qxa2 {[%clk 0:25:35]} 23. Qxg7
{[%clk 0:03:55]} Qc4+ {[%clk 0:23:05]} 24. Kg2 {[%clk 0:03:21]} fxg5
{[%clk 0:23:04]} 25. Kh2 {[%clk 0:02:21]} g4 {[%clk 0:21:47]} 26. hxg4
{[%clk 0:02:17]} Rg8 {[%clk 0:20:21]} 27. Qf6 {[%clk 0:02:00]} hxg4
{[%clk 0:20:10]} 28. Ne5 {[%clk 0:00:40]} Nxe5 {[%clk 0:19:55]} 29. Qxe5
{[%clk 0:00:57]} Qc6 {[%clk 0:18:38]} 30. Qe4 {[%clk 0:00:39]} Qf6
{[%clk 0:17:32]} 31. Kg2 {[%clk 0:00:38]} Rdf8 {[%clk 0:17:40]} 32. Re2
{[%clk 0:00:33]} Qf3+ {[%clk 0:16:54]} 33. Kf1 {[%clk 0:01:02]} Qh3+
{[%clk 0:17:09]} 34. Rg2 {[%clk 0:00:42]} g3 {[%clk 0:17:38]} 35. f4
{[%clk 0:00:33]} Qh1+ {[%clk 0:15:44]} 36. Rg1 {[%clk 0:01:00]} Qh4
{[%clk 0:16:12]} 37. Kg2 {[%clk 0:00:43]} Qh2+ {[%clk 0:14:43]} 38. Kf1
{[%clk 0:00:56]} Rxf4+ {[%clk 0:14:18]} 39. Qxf4 {[%clk 0:01:09]} g2+
{[%clk 0:14:40]} 0-1

[Event "European Youth Chess Championship G18"]
[Site "Prague, Top Hotel Prague"]
[Date "2012.08.18"]
[Round "2.4"]
[White "Foisor, Mihaela-Veronica"]
[Black "Azimova, Karina"]
[Result "1/2-1/2"]
[PlyCount "0"]
[BlackElo "2050"]
[WhiteElo "2220"]

1. d4 {[%clk 1:30:57]} Nf6 {[%clk 1:30:57]} 2. c4 {[%clk 1:31:21]} g6
{[%clk 1:31:23]} 3. Nc3 {[%clk 1:31:46]} Bg7 {[%clk 1:31:49]} 4. Nf3
{[%clk 1:32:10]} O-O {[%clk 1:32:14]} 5. Bg5 {[%clk 1:32:36]} d6 {[%clk 1:31:54]}
6. e3 {[%clk 1:32:59]} c5 {[%clk 1:31:47]} 7. Be2 {[%clk 1:32:49]} h6
{[%clk 1:30:22]} 8. Bh4 {[%clk 1:32:45]} g5 {[%clk 1:30:22]} 9. Bg3
{[%clk 1:32:53]} Nh5 {[%clk 1:29:48]} 10. d5 {[%clk 1:11:31]} Nxg3
{[%clk 1:22:55]} 11. hxg3 {[%clk 1:11:55]} Bf5 {[%clk 1:21:18]} 12. Bd3
{[%clk 0:58:19]} e6 {[%clk 1:08:29]} 13. Qc2 {[%clk 0:50:26]} Bxd3
{[%clk 1:03:06]} 14. Qxd3 {[%clk 0:50:51]} exd5 {[%clk 0:56:04]} 15. Qxd5
{[%clk 0:36:33]} Nc6 {[%clk 0:54:24]} 16. Rd1 {[%clk 0:35:05]} Qb6
{[%clk 0:44:27]} 17. Nb5 {[%clk 0:25:08]} Qa5+ {[%clk 0:41:34]} 18. Kf1
{[%clk 0:19:35]} Nb4 {[%clk 0:35:27]} 19. Qf5 {[%clk 0:17:05]} Qxa2
{[%clk 0:27:13]} 20. Nxd6 {[%clk 0:11:45]} Qxb2 {[%clk 0:27:36]} 21. Nxg5
{[%clk 0:11:41]} Qc2 {[%clk 0:27:12]} 22. Qxc2 {[%clk 0:11:19]} Nxc2
{[%clk 0:27:41]} 23. Nf5 {[%clk 0:04:01]} Rfd8 {[%clk 0:21:05]} 24. Rxd8+
{[%clk 0:04:02]} Rxd8 {[%clk 0:21:33]} 25. Nxh6+ {[%clk 0:04:21]} Kf8
{[%clk 0:21:56]} 26. Ke2 {[%clk 0:04:05]} Rd7 {[%clk 0:19:34]} 27. Nf5
{[%clk 0:03:16]} Bb2 {[%clk 0:15:53]} 28. Ne4 {[%clk 0:03:08]} b6
{[%clk 0:15:30]} 29. g4 {[%clk 0:03:29]} Na3 {[%clk 0:11:45]} 30. Ned6
{[%clk 0:01:50]} a5 {[%clk 0:11:23]} 31. g5 {[%clk 0:01:03]} Kg8 {[%clk 0:07:14]}
32. Nh6+ {[%clk 0:00:45]} Kf8 {[%clk 0:06:32]} 33. Nhxf7 {[%clk 0:00:48]} a4
{[%clk 0:04:36]} 34. g6 {[%clk 0:00:48]} Nc2 {[%clk 0:03:52]} 35. Nf5
{[%clk 0:00:38]} a3 {[%clk 0:03:13]} 36. f4 {[%clk 0:00:51]} a2 {[%clk 0:02:42]}
37. Ne5 {[%clk 0:01:17]} Bxe5 {[%clk 0:01:50]} 38. fxe5 {[%clk 0:01:46]} Kg8
{[%clk 0:01:21]} 39. g7 {[%clk 0:02:07]} Rxg7 {[%clk 0:01:37]} 40. Nxg7
{[%clk 0:32:30]} Kxg7 {[%clk 0:31:59]} 41. Kd2 {[%clk 0:32:00]} a1=Q
{[%clk 0:31:26]} 42. Rxa1 {[%clk 0:32:25]} Nxa1 {[%clk 0:31:54]} 43. Kc3
{[%clk 0:32:51]} Kf7 {[%clk 0:30:19]} 44. Kb2 {[%clk 0:31:46]} Ke6
{[%clk 0:30:46]} 45. Kxa1 {[%clk 0:31:58]} Kxe5 {[%clk 0:31:13]} 46. Kb2
{[%clk 0:32:18]} Ke4 {[%clk 0:31:09]} 47. Kb3 {[%clk 0:32:39]} Kd3
{[%clk 0:30:06]} 48. g4 {[%clk 0:27:01]} b5 {[%clk 0:29:21]} 49. cxb5
{[%clk 0:27:26]} c4+ {[%clk 0:29:49]} 50. Ka2 {[%clk 0:27:50]} c3
{[%clk 0:29:40]} 51. b6 {[%clk 0:28:16]} c2 {[%clk 0:30:05]} 52. b7
{[%clk 0:28:43]} c1=Q {[%clk 0:30:31]} 53. b8=Q {[%clk 0:29:07]} Kxe3
{[%clk 0:26:57]} 54. g5 {[%clk 0:24:47]} Ke4 {[%clk 0:24:07]} 55. g6
{[%clk 0:21:55]} Qd2+ {[%clk 0:22:02]} 56. Ka3 {[%clk 0:17:48]} Qa5+
{[%clk 0:20:12]} 57. Kb3 {[%clk 0:17:12]} Qd5+ {[%clk 0:20:01]} 58. Kb4
{[%clk 0:13:40]} Qd4+ {[%clk 0:18:39]} 59. Ka5 {[%clk 0:13:53]} Qc5+
{[%clk 0:16:15]} 60. Qb5 {[%clk 0:13:14]} Qa7+ {[%clk 0:16:07]} 61. Kb4
{[%clk 0:13:05]} Qe7+ {[%clk 0:12:50]} 62. Kb3 {[%clk 0:12:08]} Qg7
{[%clk 0:12:10]} 63. Qc4+ {[%clk 0:11:58]} Kf5 {[%clk 0:11:11]} 64. Qf7+
{[%clk 0:09:22]} Qf6 {[%clk 0:11:35]} 65. Kc4 {[%clk 0:09:03]} Kg5
{[%clk 0:11:54]} 1/2-1/2

[Event "European Youth Chess Championship G18"]
[Site "Prague, Top Hotel Prague"]
[Date "2012.08.18"]
[Round "2.5"]
[White "Skrabakova, Katarina"]
[Black "Petrukhina, Irina"
[Result "0-1"]
[PlyCount "0"]
[BlackElo "2212"]
[WhiteElo "1989"]

1. e4 {[%clk 1:30:58]} c5 {[%clk 1:30:52]} 2. Nf3 {[%clk 1:31:22]} Nc6
{[%clk 1:31:13]} 3. d4 {[%clk 1:31:46]} cxd4 {[%clk 1:31:27]} 4. Nxd4
{[%clk 1:32:08]} Nf6 {[%clk 1:30:29]} 5. Nc3 {[%clk 1:31:10]} d6 {[%clk 1:30:44]}
6. Be3 {[%clk 1:25:46]} Ng4 {[%clk 1:20:47]} 7. Bc1 {[%clk 1:24:20]} Qb6
{[%clk 1:16:43]} 8. Bb5 {[%clk 1:15:53]} e5 {[%clk 1:00:04]} 9. Nd5
{[%clk 1:10:45]} Qxd4 {[%clk 0:53:08]} 10. Qxd4 {[%clk 0:53:01]} exd4
{[%clk 0:53:29]} 11. Nc7+ {[%clk 0:53:26]} Kd8 {[%clk 0:52:12]} 12. Nxa8
{[%clk 0:53:38]} Nb4 {[%clk 0:50:12]} 13. Ba4 {[%clk 0:49:56]} Bd7
{[%clk 0:46:33]} 14. Bb3 {[%clk 0:45:58]} Be6 {[%clk 0:46:53]} 15. O-O
{[%clk 0:30:47]} Be7 {[%clk 0:44:48]} 16. Bd2 {[%clk 0:26:30]} Nc6
{[%clk 0:42:46]} 17. Ba4 {[%clk 0:22:30]} Kd7 {[%clk 0:38:44]} 18. Nb6+
{[%clk 0:21:08]} axb6 {[%clk 0:38:52]} 19. Bb5 {[%clk 0:21:18]} f5
{[%clk 0:30:24]} 20. Rae1 {[%clk 0:19:58]} Rf8 {[%clk 0:27:02]} 21. Re2
{[%clk 0:19:27]} Nge5 {[%clk 0:24:12]} 22. exf5 {[%clk 0:15:53]} Rxf5
{[%clk 0:21:21]} 23. Rfe1 {[%clk 0:14:03]} Bxa2 {[%clk 0:16:13]} 24. f4
{[%clk 0:05:50]} Nf3+ {[%clk 0:15:56]} 25. gxf3 {[%clk 0:05:58]} Rxb5
{[%clk 0:16:22]} 26. b3 {[%clk 0:06:08]} d3 {[%clk 0:15:56]} 27. cxd3
{[%clk 0:06:26]} Rxb3 {[%clk 0:15:34]} 28. Be3 {[%clk 0:05:15]} Bb1
{[%clk 0:15:01]} 29. d4 {[%clk 0:05:23]} d5 {[%clk 0:14:43]} 30. Kg2
{[%clk 0:05:08]} Bf6 {[%clk 0:14:32]} 31. Rd2 {[%clk 0:05:23]} b5
{[%clk 0:14:00]} 32. Bf2 {[%clk 0:05:21]} Bg6 {[%clk 0:13:32]} 33. Rc1
{[%clk 0:05:28]} Bh5 {[%clk 0:13:40]} 0-1

[Event "European Youth Chess Championship G18"]
[Site "Prague, Top Hotel Prague"]
[Date "2012.08.18"]
[Round "2.6"]
[White "Terzidaki, Alexandra"]
[Black "Shvayger, Yuliya"]
[Result "0-1"]
[PlyCount "0"]
[BlackElo "2202"]
[WhiteElo "1958"]

1. e4 {[%clk 1:30:51]} c5 {[%clk 1:30:59]} 2. Nf3 {[%clk 1:31:11]} d6
{[%clk 1:31:27]} 3. d4 {[%clk 1:31:33]} cxd4 {[%clk 1:31:55]} 4. Nxd4
{[%clk 1:31:53]} Nf6 {[%clk 1:32:19]} 5. Nc3 {[%clk 1:32:16]} a6 {[%clk 1:32:43]}
6. Qf3 {[%clk 1:32:30]} Qb6 {[%clk 1:23:47]} 7. Nb3 {[%clk 1:32:39]} e6
{[%clk 1:24:15]} 8. Be2 {[%clk 1:31:11]} Be7 {[%clk 1:22:11]} 9. Be3
{[%clk 1:24:34]} Qc7 {[%clk 1:22:29]} 10. g4 {[%clk 1:22:42]} b5 {[%clk 1:20:11]}
11. g5 {[%clk 0:52:26]} Nfd7 {[%clk 1:20:21]} 12. a3 {[%clk 0:50:39]} Bb7
{[%clk 1:18:34]} 13. Qh3 {[%clk 0:48:18]} O-O {[%clk 1:04:30]} 14. f4
{[%clk 0:35:12]} Nc5 {[%clk 0:41:37]} 15. Nd2 {[%clk 0:19:44]} d5
{[%clk 0:31:41]} 16. exd5 {[%clk 0:13:06]} exd5 {[%clk 0:32:09]} 17. O-O
{[%clk 0:12:59]} Rd8 {[%clk 0:22:55]} 18. Nf3 {[%clk 0:11:08]} Nc6
{[%clk 0:13:19]} 19. Rad1 {[%clk 0:10:56]} d4 {[%clk 0:10:07]} 20. Nxd4
{[%clk 0:06:26]} Nxd4 {[%clk 0:10:31]} 21. Bxd4 {[%clk 0:05:48]} Rxd4
{[%clk 0:07:36]} 22. Rxd4 {[%clk 0:05:14]} Ne6 {[%clk 0:08:05]} 23. Nd5
{[%clk 0:01:27]} Qc5 {[%clk 0:02:45]} 24. Nxe7+ {[%clk 0:01:25]} Kf8
{[%clk 0:03:13]} 25. Nf5 {[%clk 0:00:38]} Nxd4 {[%clk 0:03:10]} 26. Nxd4
{[%clk 0:00:37]} Qxd4+ {[%clk 0:03:38]} 27. Rf2 {[%clk 0:00:51]} Re8
{[%clk 0:01:46]} 28. Qd3 {[%clk 0:00:50]} Qxb2 {[%clk 0:01:44]} 29. Rf1
{[%clk 0:00:42]} Be4 {[%clk 0:01:15]} 30. Qd6+ {[%clk 0:00:45]} Kg8
{[%clk 0:01:44]} 31. Bd3 {[%clk 0:00:38]} Bxd3 {[%clk 0:01:22]} 32. Qxd3
{[%clk 0:00:40]} Rc8 {[%clk 0:01:51]} 33. Rd1 {[%clk 0:00:37]} g6
{[%clk 0:01:58]} 34. Rd2 {[%clk 0:00:45]} Qc1+ {[%clk 0:02:21]} 35. Kf2
{[%clk 0:00:58]} Re8 {[%clk 0:02:48]} 36. Qd7 {[%clk 0:01:00]} Qe1+
{[%clk 0:02:49]} 37. Kg2 {[%clk 0:00:56]} a5 {[%clk 0:00:59]} 38. Rf2
{[%clk 0:00:53]} Qe4+ {[%clk 0:01:18]} 39. Kg1 {[%clk 0:00:57]} Qe1+
{[%clk 0:00:59]} 40. Kg2 {[%clk 0:31:14]} b4 {[%clk 0:31:21]} 41. axb4
{[%clk 0:30:47]} axb4 {[%clk 0:31:37]} 42. Qd3 {[%clk 0:27:18]} Qe7
{[%clk 0:24:36]} 43. Qf3 {[%clk 0:22:31]} Rc8 {[%clk 0:23:58]} 44. h4
{[%clk 0:14:10]} Rc3 {[%clk 0:22:34]} 45. Qd5 {[%clk 0:13:37]} Qc7
{[%clk 0:21:31]} 46. Qe4 {[%clk 0:12:55]} Rc4 {[%clk 0:16:38]} 47. Qe8+
{[%clk 0:06:47]} Kg7 {[%clk 0:17:07]} 48. Kg3 {[%clk 0:05:06]} Rc3+
{[%clk 0:15:25]} 49. Kg4 {[%clk 0:05:07]} Rc4 {[%clk 0:08:37]} 50. Kg3
{[%clk 0:03:41]} Rc3+ {[%clk 0:09:07]} 51. Kg4 {[%clk 0:04:02]} h5#
{[%clk 0:09:20]} 52. gxh6+ {[%clk 0:04:14]} Kh7 {[%clk 0:09:49]} 53. Re2
{[%clk 0:00:52]} Qb7 {[%clk 0:06:01]} 54. Qe4 {[%clk 0:00:33]} f5+
{[%clk 0:06:23]} 0-1

[Event "European Youth Chess Championship G18"]
[Site "Prague, Top Hotel Prague"]
[Date "2012.08.18"]
[Round "2.8"]
[White "Drakaki, Anna-Maria"]
[Black "Wisniowska, Klaudia"]
[Result "0-1"]
[PlyCount "0"]
[BlackElo "2181"]
[WhiteElo "1827"]

1. e4 {[%clk 1:30:58]} c5 {[%clk 1:30:57]} 2. Nf3 {[%clk 1:31:25]} d6
{[%clk 1:31:23]} 3. d4 {[%clk 1:31:52]} cxd4 {[%clk 1:31:49]} 4. Nxd4
{[%clk 1:32:19]} Nf6 {[%clk 1:32:13]} 5. Nc3 {[%clk 1:32:46]} Nc6
{[%clk 1:32:39]} 6. Bg5 {[%clk 1:33:09]} Bd7 {[%clk 1:33:04]} 7. Qd2
{[%clk 1:33:09]} Rc8 {[%clk 1:33:25]} 8. f3 {[%clk 1:32:46]} Nxd4
{[%clk 1:31:18]} 9. Qxd4 {[%clk 1:33:08]} Qa5 {[%clk 1:31:36]} 10. Be3
{[%clk 1:29:50]} a6 {[%clk 1:31:37]} 11. O-O-O {[%clk 1:25:45]} e5
{[%clk 1:30:15]} 12. Qd2 {[%clk 1:25:36]} Be6 {[%clk 1:24:27]} 13. Kb1
{[%clk 1:24:21]} Be7 {[%clk 1:23:10]} 14. g4 {[%clk 1:24:03]} Rxc3
{[%clk 1:09:47]} 15. Qxc3 {[%clk 1:24:21]} Bxa2+ {[%clk 1:04:31]} 16. Ka1
{[%clk 1:13:29]} Qxc3 {[%clk 1:01:57]} 17. bxc3 {[%clk 1:13:55]} Be6
{[%clk 1:02:24]} 18. Rb1 {[%clk 1:08:40]} b5 {[%clk 1:02:13]} 19. Kb2
{[%clk 1:08:37]} d5 {[%clk 0:54:57]} 20. Ra1 {[%clk 1:01:01]} dxe4
{[%clk 0:52:19]} 21. Rxa6 {[%clk 0:59:44]} O-O {[%clk 0:51:22]} 22. fxe4
{[%clk 0:57:49]} Nxe4 {[%clk 0:46:15]} 23. Bd3 {[%clk 0:48:13]} Nf6
{[%clk 0:35:56]} 24. g5 {[%clk 0:47:05]} Ng4 {[%clk 0:29:36]} 25. Bd2
{[%clk 0:29:55]} Rd8 {[%clk 0:27:51]} 26. Re1 {[%clk 0:26:33]} Nxh2
{[%clk 0:24:51]} 27. Rxe5 {[%clk 0:26:56]} Nf3 {[%clk 0:25:04]} 28. Re2
{[%clk 0:27:20]} Nxd2 {[%clk 0:23:59]} 29. Rxd2 {[%clk 0:27:45]} Bxg5
{[%clk 0:22:32]} 30. Rg2 {[%clk 0:28:01]} Bf6 {[%clk 0:18:23]} 31. Rb6
{[%clk 0:20:47]} Rc8 {[%clk 0:15:43]} 32. Rxb5 {[%clk 0:20:17]} Bxc3+
{[%clk 0:16:03]} 33. Kc1 {[%clk 0:20:38]} g6 {[%clk 0:14:31]} 34. Rg3
{[%clk 0:14:04]} Bg7 {[%clk 0:12:03]} 35. Kd2 {[%clk 0:14:10]} h5
{[%clk 0:09:49]} 36. Be2 {[%clk 0:11:35]} h4 {[%clk 0:09:44]} 37. Rg1
{[%clk 0:10:18]} Rd8+ {[%clk 0:09:42]} 38. Bd3 {[%clk 0:09:19]} h3
{[%clk 0:06:24]} 39. Rh1 {[%clk 0:07:50]} Bh6+ {[%clk 0:04:22]} 40. Ke2
{[%clk 0:37:48]} g5 {[%clk 0:32:21]} 41. Kf2 {[%clk 0:36:56]} g4 {[%clk 0:29:54]}
42. Kg3 {[%clk 0:34:46]} Rd4 {[%clk 0:25:19]} 43. Rf1 {[%clk 0:33:32]} Kg7
{[%clk 0:19:55]} 44. Ra5 {[%clk 0:22:22]} Bd2 {[%clk 0:19:32]} 45. Rb5
{[%clk 0:21:52]} Bb4 {[%clk 0:18:27]} 46. Rh5 {[%clk 0:20:41]} Bd6+
{[%clk 0:18:44]} 47. Kf2 {[%clk 0:19:58]} g3+ {[%clk 0:19:05]} 48. Ke3
{[%clk 0:19:48]} Rd5 {[%clk 0:16:50]} 49. Rh4 {[%clk 0:17:45]} g2
{[%clk 0:16:34]} 0-1

[Event "European Youth Chess Championship G18"]
[Site "Prague, Top Hotel Prague"]
[Date "2012.08.18"]
[Round "2.9"]
[White "Severina, Maria"]
[Black "Nonkovic, Bogdana"]
[Result "1-0"]
[PlyCount "0"]
[BlackElo "1950"]
[WhiteElo "2147"]

1. d4 {[%clk 1:30:59]} d5 {[%clk 1:30:45]} 2. c4 {[%clk 1:31:26]} e5
{[%clk 1:30:55]} 3. dxe5 {[%clk 1:30:14]} d4 {[%clk 1:31:00]} 4. Nf3
{[%clk 1:26:49]} Nc6 {[%clk 1:30:35]} 5. g3 {[%clk 1:26:53]} Nge7
{[%clk 1:28:22]} 6. Bg2 {[%clk 1:25:56]} Ng6 {[%clk 1:27:44]} 7. O-O
{[%clk 1:13:04]} Be7 {[%clk 1:00:33]} 8. b3 {[%clk 1:09:09]} Bf5 {[%clk 0:53:53]}
9. Bb2 {[%clk 0:57:13]} Bc5 {[%clk 0:49:57]} 10. a3 {[%clk 0:45:15]} a5
{[%clk 0:45:45]} 11. b4 {[%clk 0:44:10]} axb4 {[%clk 0:15:17]} 12. axb4
{[%clk 0:44:18]} Rxa1 {[%clk 0:12:26]} 13. Bxa1 {[%clk 0:44:46]} Nxb4
{[%clk 0:12:16]} 14. Bxd4 {[%clk 0:30:00]} Be7 {[%clk 0:09:21]} 15. Bc3
{[%clk 0:21:10]} Nc6 {[%clk 0:05:47]} 16. Nd4 {[%clk 0:18:02]} Nxd4
{[%clk 0:05:15]} 17. Qxd4 {[%clk 0:18:19]} c6 {[%clk 0:04:39]} 18. f4
{[%clk 0:17:00]} Qxd4+ {[%clk 0:03:24]} 19. Bxd4 {[%clk 0:17:28]} Nf8
{[%clk 0:03:03]} 20. Nc3 {[%clk 0:15:39]} Nd7 {[%clk 0:03:02]} 21. Ne4
{[%clk 0:14:40]} Be6 {[%clk 0:02:46]} 22. c5 {[%clk 0:13:51]} O-O
{[%clk 0:02:37]} 23. Rb1 {[%clk 0:13:11]} Rb8 {[%clk 0:02:40]} 24. Nd6
{[%clk 0:13:19]} b6 {[%clk 0:02:21]} 25. cxb6 {[%clk 0:11:22]} c5
{[%clk 0:02:27]} 26. Bf2 {[%clk 0:10:58]} Rxb6 {[%clk 0:02:24]} 27. Rxb6
{[%clk 0:11:17]} Nxb6 {[%clk 0:02:47]} 28. Bxc5 {[%clk 0:11:32]} Nd7
{[%clk 0:02:03]} 29. Ba3 {[%clk 0:10:47]} f6 {[%clk 0:02:10]} 30. exf6
{[%clk 0:10:44]} Bxf6 {[%clk 0:02:28]} 31. Kf2 {[%clk 0:10:31]} Bd4+
{[%clk 0:02:03]} 32. e3 {[%clk 0:10:50]} Bb6 {[%clk 0:02:15]} 33. Nc8
{[%clk 0:10:05]} Bc7 {[%clk 0:02:07]} 34. Ne7+ {[%clk 0:07:27]} Kh8
{[%clk 0:02:10]} 35. f5 {[%clk 0:06:28]} Bb3 {[%clk 0:02:10]} 36. h3
{[%clk 0:03:58]} Ne5 {[%clk 0:02:17]} 37. Nd5 {[%clk 0:02:29]} Ba5
{[%clk 0:02:27]} 38. Nf4 {[%clk 0:02:08]} Bb6 {[%clk 0:02:22]} 39. Bb2
{[%clk 0:02:08]} Nd7 {[%clk 0:02:17]} 40. Nh5 1-0

[Event "European Youth Chess Championship G18"]
[Site "Prague, Top Hotel Prague"]
[Date "2012.08.18"]
[Round "2.13"]
[White "Bass, Leenoy"]
[Black "Imeeva, Aisa"]
[Result "0-1"]
[WhiteElo "1614"]
[BlackElo "2095"]
[PlyCount "90"]
[EventDate "2012.08.17"]

1. e4 e5 2. d4 exd4 3. Qxd4 Nc6 4. Qe3 Nf6 5. Bd2 b6 6. Nc3 Bb7 7. O-O-O Qe7 8.
Nge2 O-O-O 9. Nf4 Qe5 10. Nfd5 Bc5 11. Qf4 Qxf4 12. Bxf4 Ng4 13. Na4 Nxf2 14.
Nxc5 bxc5 15. Bxc7 Nxh1 16. Bxd8 Kxd8 17. Rd2 Re8 18. Bd3 c4 19. Bxc4 Rxe4 20.
Bb5 Nd4 21. Nc3 Re1+ 22. Rd1 Rxd1+ 23. Kxd1 Bxg2 24. Bc4 Nf2+ 25. Kd2 f5 26.
Ke3 Ng4+ 27. Kxd4 f4 28. h4 f3 29. Bd5 Bh1 30. Kd3 f2 31. Ke2 f1=Q+ 32. Kxf1
Ne3+ 33. Kg1 Nxd5 34. Kxh1 Nxc3 35. bxc3 Kc7 36. Kg2 Kd6 37. Kf3 Ke5 38. Ke3 g6
39. c4 h6 40. c3 d6 41. Kf3 Kf5 42. Ke3 g5 43. hxg5 hxg5 44. Kf3 g4+ 45. Kg3
Kg5 0-1

[Event "European Youth Chess Championship G18"]
[Site "Prague, Top Hotel Prague"]
[Date "2012.08.18"]
[Round "2.14"]
[White "Iwanow, Anna"]
[Black "Roy, Ali"]
[Result "1-0"]
[WhiteElo "2205"]
[BlackElo "1836"]
[PlyCount "79"]
[EventDate "2012.08.17"]

1. e4 e6 2. d4 d5 3. Nc3 dxe4 4. Nxe4 Nd7 5. Bd3 Ngf6 6. Qe2 Be7 7. Nf3 O-O 8.
Bg5 Re8 9. h4 c5 10. dxc5 Nxc5 11. Nxc5 Qa5+ 12. Kf1 Qxc5 13. Ne5 Rd8 14. Re1
Bd7 15. Rh3 a6 16. Bxf6 Bxf6 17. Bxh7+ Kf8 18. Nd3 Qa5 19. h5 Bb5 20. h6 gxh6
21. Rxh6 Bxb2 22. Qg4 Bg7 23. Rh3 Qxa2 24. Rg3 Bf6 25. Qb4+ Ke8 26. Kg1 Qd5 27.
Qf4 Ke7 28. Be4 Qd6 29. Qc1 Bd4 30. Rf3 Bxd3 31. Qg5+ Kf8 32. Bxd3 Qd5 33. Qf4
e5 34. Qh6+ Ke7 35. Qf6+ Kd7 36. Be4 Qc4 37. c3 Bc5 38. Bxb7 Rab8 39. Rd1+ Kc7
40. Qc6# 1-0

[Event "European Youth Chess Championship G18"]
[Site "Prague, Top Hotel Prague"]
[Date "2012.08.18"]
[Round "2.15"]
[White "Efroimski, Marsel"]
[Black "Sabolova, Kristyna"]
[Result "1-0"]
[WhiteElo "2174"]
[BlackElo "1889"]
[PlyCount "73"]
[EventDate "2012.08.17"]

1. e4 c6 2. d4 d5 3. exd5 cxd5 4. c4 Nf6 5. Nc3 Nc6 6. Bg5 dxc4 7. d5 Ne5 8.
Qd4 Nd3+ 9. Bxd3 cxd3 10. Qxd3 h6 11. Bf4 a6 12. a4 g6 13. Rd1 Bg7 14. Nf3 O-O
15. O-O Bf5 16. Qe2 Re8 17. Be5 Qb6 18. Nd4 Bg4 19. f3 Bd7 20. Kh1 Qa5 21. Nb3
Qb4 22. Nc1 Rac8 23. Rd4 Qb6 24. Qd2 Nh5 25. Nd3 Bxe5 26. Nxe5 Qc7 27. d6 exd6
28. Nd5 Qd8 29. Nxd7 Qxd7 30. g4 Qe6 31. Re4 Nf6 32. Rxe6 Rxe6 33. Nxf6+ Rxf6
34. Qxh6 Rc2 35. Rc1 Rxc1+ 36. Qxc1 Rxf3 37. Qc8+ 1-0

[Event "European Youth Chess Championship G18"]
[Site "Prague, Top Hotel Prague"]
[Date "2012.08.18"]
[Round "2.16"]
[White "Corotcova, Anastasia"]
[Black "Gevorgyan, Maria"]
[Result "0-1"]
[WhiteElo "1655"]
[BlackElo "2069"]
[PlyCount "38"]
[EventDate "2012.08.17"]

1. d4 Nf6 2. c4 e6 3. Nf3 c5 4. dxc5 Bxc5 5. e3 O-O 6. Nc3 Nc6 7. a3 a6 8. Bd3
d5 9. cxd5 exd5 10. b4 Bb6 11. O-O Bg4 12. Na4 Bc7 13. Nc5 Ne5 14. Nxb7 Qe7 15.
Nc5 Qd6 16. Re1 Nxf3+ 17. gxf3 Qxh2+ 18. Kf1 Qh3+ 19. Ke2 Bxf3+ 0-1

[Event "European Youth Chess Championship G18"]
[Site "Prague, Top Hotel Prague"]
[Date "2012.08.18"]
[Round "2.17"]
[White "Tarmastin, Laura"]
[Black "Froewis, Annika"]
[Result "0-1"]
[WhiteElo "1747"]
[BlackElo "2000"]
[PlyCount "98"]
[EventDate "2012.08.17"]

1. e4 e5 2. Nf3 Nc6 3. Bc4 Bc5 4. c3 Nf6 5. d3 a6 6. Nbd2 O-O 7. Bb3 d5 8. Qe2
Re8 9. O-O h6 10. Rd1 Be6 11. Bc2 Ng4 12. Rf1 f5 13. h3 Nf6 14. exd5 Bxd5 15.
Nb3 Bf8 16. Be3 Bf7 17. Nfd2 b6 18. f3 Nd5 19. Kh1 Qf6 20. Rfe1 Rad8 21. Qf1
Rd6 22. Bg1 a5 23. d4 Nf4 24. dxe5 Nxe5 25. Bh2 g5 26. Rad1 c5 27. a3 Rde6 28.
Nc1 Neg6 29. Bb3 Rxe1 30. Rxe1 Rd8 31. Bxf7+ Qxf7 32. Nc4 Qf6 33. Qf2 a4 34.
Qe3 b5 35. Nd2 Rd7 36. Nf1 Qc6 37. Ng3 Re7 38. Qf2 Rxe1+ 39. Qxe1 Nh4 40. Qe5
Qd7 41. Bg1 Bd6 42. Qf6 Kh7 43. Nce2 Nd3 44. c4 bxc4 45. Qc3 Qe6 46. Qc2 Nxg2
47. Qxa4 Nh4 48. Qa7+ Kg6 49. Qb6 f4 0-1

[Event "European Youth Chess Championship G18"]
[Site "Prague, Top Hotel Prague"]
[Date "2012.08.18"]
[Round "2.18"]
[White "Ljikar, Tamara"]
[Black "Lach, Aleksandra"]
[Result "0-1"]
[WhiteElo "1821"]
[BlackElo "2157"]
[PlyCount "82"]
[EventDate "2012.08.17"]

1. e4 c5 2. Nc3 Nc6 3. g3 g6 4. Bg2 Bg7 5. d3 d6 6. Be3 Rb8 7. Qd2 b5 8. Nd1 b4
9. f4 e5 10. Nf3 Nd4 11. h3 Ne7 12. O-O O-O 13. c3 bxc3 14. bxc3 Nxf3+ 15. Rxf3
Qa5 16. g4 exf4 17. Bxf4 Rb6 18. Bh6 f6 19. Be3 Nc6 20. Rf2 Ne5 21. Bf1 Ba6 22.
d4 Nc4 23. Bxc4+ Bxc4 24. Nb2 Bf7 25. d5 Qb5 26. Bh6 g5 27. Bxg7 Kxg7 28. Raf1
Bg6 29. h4 h6 30. hxg5 hxg5 31. Qe3 Rb7 32. c4 Qe8 33. e5 dxe5 34. Qxc5 Qd7 35.
Nd1 Rc7 36. Qb4 Qxg4+ 37. Rg2 Qd4+ 38. Nf2 Qxc4 39. Qxc4 Rxc4 40. Ng4 Rd4 41.
Nxe5 Rxd5 0-1

[Event "European Youth Chess Championship G18"]
[Site "Prague, Top Hotel Prague"]
[Date "2012.08.18"]
[Round "2.19"]
[White "Steinhauserova, Anna"]
[Black "Sviridova, Vlada"]
[Result "0-1"]
[WhiteElo "1788"]
[BlackElo "2132"]
[PlyCount "52"]
[EventDate "2012.08.17"]

1. d4 d5 2. Nf3 Nf6 3. Bg5 e6 4. e3 c6 5. Nbd2 h6 6. Bh4 Bd6 7. Bd3 Nbd7 8. c3
O-O 9. e4 e5 10. exd5 cxd5 11. dxe5 Nxe5 12. Nxe5 Bxe5 13. Nf3 Bg4 14. h3 Bxf3
15. Qxf3 g5 16. Bg3 Bxg3 17. fxg3 Re8+ 18. Be2 Qb6 19. O-O-O Re3 20. Qf1 Ne4
21. Bh5 Rf8 22. Qf5 Nxg3 23. Qxd5 Nxh5 24. h4 Nf4 25. Qf5 Ne2+ 26. Kc2 Ng3 0-1